[Event "Bundesliga 0304"]
[Site "Germany"]
[Date "2004.02.14"]
[Round "8.7"]
[White "Meins, Gerlef"]
[Black "Bezold, Michael"]
[Result "0-1"]
[WhiteElo "2454"]
[BlackElo "2456"]
[Annotator "Ribli,Z"]
[PlyCount "98"]
[EventDate "2003.11.01"]
[EventType "team-tourn"]
[EventRounds "15"]
[EventCountry "GER"]
[SourceTitle "CBM 100"]
[Source "ChessBase"]
[SourceDate "2004.06.01"]
[SourceVersion "1"]
[SourceVersionDate "2004.06.01"]
[SourceQuality "1"]
[WhiteTeam "Werder Bremen"]
[BlackTeam "Hamburger SK"]
[WhiteTeamCountry "GER"]
[BlackTeamCountry "GER"]

1. d4 Nf6 2. c4 e6 3. g3 c5 4. Nf3 cxd4 5. Nxd4 Bb4+ 6. Bd2 {Das ist die
populäre Fortsetzung, aber 6.Nc3 und 6.Nd2 sind auch spielbar.} Be7 (6... Bc5
$5 7. Nb3 Be7 {Es scheint auf den ersten Blick, dass Schwarz mit 6...Bc5!? und
7...Be7 ein Tempo verloren hat, aber in Wirklichkeit steht der Springer
weniger glücklich auf b3, als auf d4.}) 7. Bg2 a6 (7... Nc6 8. Bc3 d5 (8... O-O
9. O-O Qc7 10. Nd2 b6 11. Nb5 Qb8 12. Ne4 Nxe4 13. Bxe4 Rd8 14. Qd3 h6 15. Rfd1
Bb7 16. Nd6 {1-0 Ehlvest,J-Hall,J/Sweden 2003/EXT 2004 (43)}) 9. Nd2 O-O 10.
O-O Bd7 11. Rc1 Re8 (11... Nb4 12. Nc2 a5 13. a3 Nxc2 14. Qxc2 Bc6 15. Rfd1 Qb6
16. cxd5 Bxd5 17. e4 Ng4 18. Rf1 Bc6 19. h3 Nf6 20. Nc4 Qb5 21. Ne5 {1-0
Schlosser,P-Kosten,A/Graz AUT 2003/(46)}) 12. e4 $5 dxe4 13. Nxe4 Nxd4 14. Qxd4
Bc6 15. Qxd8 Rexd8 16. Nxf6+ Bxf6 17. Bxc6 bxc6 18. Bxf6 gxf6 19. Rfd1 $14 {
1-0 Romero Holmes,A-Suba,M/Almeria 2003/CBM 95 ext (46)}) 8. O-O O-O 9. e4 Qc7
10. Qe2 d6 {Wir haben eine Igelstellung, aber die gewöhnliche schwarze
Läuferentwicklung nach b7 ist nicht wahrscheinlich wegen des g2-Läufers.} 11.
Bc3 {Eine originelle Idee von Weiß - der Läufer steht etwas ungewöhnlich auf
c3, aber Weiß kann nun seinen Damenspringer nach d2 entwickeln.} (11. Nc3 $5)
11... Nbd7 (11... Bd7 $1 12. Nd2 Nc6 $11) 12. a4 {[%cal Ga4a5]} Ne5 13. Nd2 Bd7
14. a5 $14 {Weiß hat Raumvorteil im Zentrum und am Damenflügel auch. Es ist
nicht leicht für Schwarz einen aktiven Spielplan zu finden.} Rac8 15. Rfc1 (15.
b3 $14) 15... Rfe8 (15... Nxc4 $5 {Dieser Zug sieht riskant aus, aber in
konkreten Varianten kann Weiß die spezielle Stellung des c4-Springers nicht
ausnutzen.} 16. Bb4 b5 17. axb6 Qxb6 18. Rxc4 Rxc4 19. Qxc4 d5 20. exd5 exd5
21. Ba5 Qxa5 22. Rxa5 dxc4 23. Nxc4 $11) 16. b3 h6 17. h3 (17. f4 $14) 17...
Ng6 18. N4f3 Nh7 {[%cal Ge7f6,Gf6a1] Schwarz bereitet den Zug 19...Bf6 vor,
wonach er die dunkelfarbigen Läufer tauschen möchte.} (18... e5 $5 {Gewöhnlich
ist in solchen Stellungen dieser Zug ganz schlecht wegen der Schwächung des
d5-Feldes, aber hier ist es nicht leicht für Weiß diese Schwächung auszunutzen.
}) 19. h4 (19. Bd4 {[%cal Gd4b6]} Bf6 20. Bb6 Qb8 21. Rab1 $14) 19... Bf6 20.
h5 {Dieser Zug kommt mit Tempo, aber der h5P kann auch eine Schwächung sein.}
Ne7 (20... Ne5 21. Nxe5 Bxe5 22. Bxe5 dxe5 23. b4 $14 {[%cal Gd2b3]}) 21. e5 (
21. Bxf6 Nxf6 22. e5 dxe5 23. Nxe5 Bc6 $11) 21... dxe5 22. Nxe5 Bc6 23. Ndf3 (
23. Nxc6 Nxc6 $11) 23... Ng5 24. Nxc6 (24. Nxg5 hxg5 25. Nxc6 Nxc6 26. Bxf6
gxf6 27. h6 $13) 24... Nxc6 25. Bxf6 gxf6 26. Qb2 (26. Nxg5 fxg5 27. Bxc6 bxc6
$11) 26... Nxf3+ 27. Bxf3 Ne5 $132 28. Be2 (28. Qe2 $11) 28... Red8 29. Qc3 Kg7
30. Rd1 Nc6 {[%csl Gc6][%cal Gc6a5,Gc6d4]} 31. b4 {Weiß muss immer den
a5-Bauern verteidigen - 31.Bf3 (mit der Idee 32.Bxc6) wäre sinnlos wegen 31...
Rxd1 und wenn Weiß den a5-Bauern verteidigen möchte, muss er 32.Bxd1 spielen.}
e5 $1 $15 {[%csl Yd4][%cal Gc6d4][%mdl 32] Mit diesem Zug sichert Schwarz sich
d4 für seinen Springer.} 32. Bg4 Nd4 {[%csl Gd4] Der schwarze Springer hat
eine "ewige" Position auf d4 eingenommen und dominiert auf dem Brett.} 33. Qd3
(33. Bxc8 $4 Ne2+ $19 {[%cal Re2c3,Re2g1]}) 33... Rb8 34. c5 Qc6 {[%csl Gc6,
Gd4][%cal Gc6h1]} 35. Re1 f5 $1 {Schwarz mobilisiert seine Bauernmehrheit am
Königsflügel.} 36. Bd1 {Weiß hat nichts Besseres, aber dieser Läuferzug
bedeutet, dass die weiße Figurenkoordination schlecht ist. Das weiße
Hauptproblem ist, dass sein Läufer nicht die große Diagonale h1-a8 erreichen
kann.} Qf6 37. Qe3 e4 {Mit einfachen Zügen kann Schwarz seine Stellung
verbessern.} 38. Ra2 (38. Rb1 $142 Rd7 $15) 38... Rd7 39. Qf4 Rbd8 $17 {
[%csl Gd4,Gd7,Gd8,Gf6][%cal Gd8d1] Schwarz hat fühlbaren positionellen Druck,
während Weiß große Schwerigkeiten mit der Figurenkoordination hat.} 40. Kg2 Ne6
41. Qc1 Rd4 42. Bb3 f4 {[%mdl 128]} (42... Rxb4 43. Bxe6 fxe6 $17) 43. Qc3 f3+
(43... fxg3 44. Qxg3+ (44. fxg3 Rd2+ 45. Qxd2 Rxd2+ 46. Rxd2 Qf3+ $19) (44.
Bxe6 Qxe6 45. Qxg3+ (45. Rd2 gxf2 $19) 45... Kh7 $19) 44... Kh7 $40 {[%cal
Rd8g8,Rg8g2]}) 44. Kh2 Nf4 $1 {[%csl Gf4][%cal Gf4d3,Gf4d5,Gf4h5,Gf4e2]} 45.
Bc4 (45. gxf4 Qh4+ 46. Kg1 Qg4+ $19) 45... Nd5 46. Qb3 (46. Bxd5 R8xd5 $19 {
[%cal Rd5h5,Rh5h2]}) 46... Qf5 $19 {[%cal Rf5h5,Rh5h2]} 47. Rd1 Qxh5+ 48. Kg1
Nf6 {[%csl Rg1][%cal Rf6g4,Rh5h2,Rh2g1]} 49. Rxd4 Ng4 0-1

[Event "Skopje op 18th"]
[Site "Skopje"]
[Date "2002.01.21"]
[Round "7"]
[White "Bojkovic, Natasa"]
[Black "Rogozenco, Dorian"]
[Result "1-0"]
[WhiteElo "2427"]
[BlackElo "2530"]
[Annotator "Rogozenco,D"]
[PlyCount "87"]
[EventDate "2002.01.15"]
[EventType "swiss"]
[EventRounds "9"]
[EventCountry "MKD"]
[SourceTitle "CBM 088"]
[Source "ChessBase"]
[SourceDate "2002.03.21"]
[SourceVersion "1"]
[SourceVersionDate "2002.03.21"]
[SourceQuality "1"]

1. c4 Nf6 2. Nc3 c5 3. Nf3 e6 4. d4 cxd4 5. Nxd4 Bb4 6. Bd2 Nc6 7. e3 O-O 8.
Be2 d5 $11 9. Nc2 dxc4 10. Nxb4 Nxb4 11. Bxc4 Nd3+ 12. Bxd3 Qxd3 13. Qe2 Qc2 (
13... Qxe2+ $11) 14. b3 Rd8 15. Rc1 Qg6 16. O-O e5 (16... Bd7 17. e4 Bc6 18. f3
Qh5 $11) 17. f3 b5 $5 {willing to complicate things in an equal position.} (
17... e4 18. Nxe4 Nxe4 19. fxe4 Qxe4 20. Rf4 Qg6 $11) 18. Nxb5 (18. e4 b4 19.
Nb5 Ba6 20. Bxb4 Nh5 $44) 18... Ba6 19. a4 e4 20. Ba5 Rd5 21. f4 Rh5 22. Bc3
Ng4 23. h3 Nh6 24. Kh2 Bc8 25. f5 {/\ 26. ... Bxh3 27.gxh3 Ng4+} Bxf5 26. Rf4
Ng4+ 27. Kg1 Nh6 28. Kh2 Bg4 29. Qf1 Be6 $4 (29... Bd7 30. Qe2 (30. Bd4 $8 $13)
30... a6 31. Nc7 (31. Nd4 Ng4+ 32. Kg1 Ne5 $19) 31... Rc8 32. Nxa6 Ng4+ 33. Kg1
Ne5 34. Nb4 Nd3 35. Nxd3 exd3 $17) 30. Nc7 Ng4+ $4 {[%mdl 8192]} (30... Rb8 $16
) 31. Rxg4 Bxg4 32. Nxa8 $18 h6 33. Qf4 Be6 34. Nc7 Bxb3 35. Ne8 Rf5 36. Qd6 f6
37. Qb8 Kh7 38. Nxf6+ gxf6 39. Qxb3 Rf2 40. Qb7+ Kg8 41. Qb8+ Kf7 42. Qxa7+ Ke8
43. Qb8+ Kf7 44. Qc7+ 1-0

[Event "EU-chT (Men) 13th"]
[Site "Leon"]
[Date "2001.11.13"]
[Round "7.2"]
[White "Lautier, Joel"]
[Black "Wedberg, Tom Birger"]
[Result "1-0"]
[WhiteElo "2653"]
[BlackElo "2529"]
[Annotator "Stohl,I"]
[PlyCount "95"]
[EventDate "2001.11.06"]
[EventType "team-swiss"]
[EventRounds "9"]
[EventCountry "ESP"]
[SourceTitle "CBM 086"]
[Source "ChessBase"]
[SourceDate "2002.02.05"]
[SourceVersion "1"]
[SourceVersionDate "2002.02.05"]
[SourceQuality "1"]
[WhiteTeam "France"]
[BlackTeam "Sweden"]
[WhiteTeamCountry "FRA"]
[BlackTeamCountry "SWE"]

1. Nf3 Nf6 2. c4 c5 3. g3 Nc6 4. d4 cxd4 5. Nxd4 Qb6 6. Nc2 (6. Nb3 Ne5 7. c5
Qc6 8. f3 d5 9. cxd6 e6 10. Qd4 Bxd6 11. Bf4 Qd5 12. Nc3 Qxd4 13. Nxd4 Bd7 14.
O-O-O Ke7 15. e4 a6 16. Be2 Rhc8 17. Kb1 Bb8 18. Bc1 b5 19. f4 b4 $1 20. fxe5
Bxe5 21. Nd5+ exd5 22. exd5 {Illescas Cordoba,M-Avrukh,B/EU-chT Leon/2001/} Kf8
$11) 6... e6 7. Bg2 d5 8. O-O (8. cxd5 exd5 9. O-O Be6 10. Nc3 Rd8 $1 11. Bg5
Be7 12. Bxf6 Bxf6 13. Nxd5 Bxd5 14. Bxd5 Ne7 15. e4 Nxd5 16. exd5 O-O $1 17. a4
Qxb2 18. Rb1 Qe5 {Bischoff,K-Ftacnik,L/Hastings/2001/} 19. Rxb7 Rxd5 20. Qf3
$11) 8... Be7 (8... dxc4 $5 9. Ne3 (9. Nba3 Qa6 10. b3 (10. Nd4 Bxa3 11. bxa3
Bd7 12. Bb2 O-O 13. Nf3 Rfd8 14. Qc2 Ne7 15. Ne5 Rac8 16. Rfd1 Ned5 17. Nxd7
Rxd7 18. e4 Nb6 19. Bxf6 gxf6 20. Qc3 Qa4 $1 $17 {Garancovsky,P-Sikorova,O/
Tatranske Zruby/2001/}) 10... cxb3 (10... c3 $5 11. Nb1 Be7 12. Nxc3 O-O $11)
11. axb3 Qb6 12. Be3 Qd8 13. Qxd8+ Kxd8 14. Nb5 Bd7 15. Rfd1 a6 16. Bb6+ Kc8
17. Ne3 Rb8 18. Nd6+ Bxd6 19. Rxd6 Ra8 20. Nc4 Nb4 21. Ba5 $18 {Rocabert
Andreu,G-Hernando Rodrigo,J/Montcada/1999/}) 9... Qa6 10. Nd2 Ne5 11. Qc2 Bd7
12. Qc3 Ng6 13. Qxc4 b5 14. Qd4 Bc6 15. Ng4 Nxg4 16. Qxg4 Be7 $11 {Rahman,
Z-Shariyazdanov,A/Guntur AP/2000/}) 9. cxd5 exd5 (9... Nxd5 10. Ne3 (10. Bxd5
$5 exd5 11. Nc3 $36) 10... Nxe3 11. Bxe3 Qxb2 12. Bxc6+ bxc6 13. Bd4 Qb7 14.
Bxg7 Rg8 15. Bc3 c5 16. Qc2 Rg6 17. Nd2 Qc6 18. Nc4 Bb7 19. f3 f6 20. Na5 Qc7
21. Nxb7 Qxb7 22. Qa4+ Kf7 23. Rad1 $16 {Topalov,V-Ponomariov,R/FIDE WCh Las
Vegas/ 1999/}) 10. Nc3 Be6 (10... O-O $5 11. Nxd5 Nxd5 12. Qxd5 Be6 13. Qe4 Bf6
14. a4 Rac8 15. Be3 Qxb2 16. Rab1 Qa2 17. Rxb7 a5 18. Rb6 Ne7 19. Nd4 {Gelfand,
B-Ivanchuk,V/Polanica Zdroj/2000/} Bd5 20. Qg4 Bxg2 21. Kxg2 Nd5 $44) 11. Nxd5
$5 $146 {[%mdl 8] A simple and straightforward move, White takes a P, leaving
Black to fight for compensation for the rest of the game.} (11. Ne3 d4 12. Ned5
Nxd5 13. Nxd5 Bxd5 14. Bxd5 O-O 15. Qb3 (15. Be4 $5 {[%csl Gc1,Ge4][%cal Yd1c2,
Yc1d2] /\Qc2,Bd2^^+/=}) 15... Qxb3 16. Bxb3 Rfd8 17. Rd1 Bf6 18. Rb1 Rac8 19.
Bd2 d3 20. exd3 Rxd3 21. Be3 Rxd1+ 22. Rxd1 Rc7 23. Ba4 h6 24. Bxc6 Rxc6 25.
Rd7 Ra6 $11 {Skembris,S-De Firmian,N/Vrnjacka Banja/1983/}) (11. b3 O-O 12. Na4
Qa5 13. Bb2 Ne4 14. Nd4 Nxd4 15. Bxd4 Rac8 16. Qd3 Rfd8 17. Rac1 b5 18. Nc3
Nxc3 19. Rxc3 Rxc3 20. Bxc3 Qxa2 21. Bd4 Qa5 {Hoelzl,F-Fauland,A/AUT-ch/1989/}
22. Ra1 $11) 11... Bxd5 (11... Nxd5 12. Bxd5 Bxd5 $5 (12... Rd8 13. e4 O-O 14.
Ne3 $14) 13. Qxd5 O-O $32 {was possibly a better way to seek compensation, e.g.
} 14. Qb3 Qxb3 15. axb3 Rfd8 16. Be3 Bf6 $44) 12. Bxd5 Rd8 $6 (12... Nxd5 $142
{-11...Nd5}) 13. Bxc6+ bxc6 (13... Qxc6 14. Nd4 $8 Qd7 15. e3 Bc5 16. Qf3 $14)
14. Qe1 $8 Ne4 $1 (14... O-O 15. b3 {[%cal Gc1a3,Gc1e3,Gc1b2] /\Bb2,Be3,Ba3+/-}
) 15. Kg2 (15. b3 $2 Qc5 {/\Bf6-/+}) (15. Rb1 Qa6 16. a3 Qc4 $44) 15... Qc5 (
15... O-O 16. f3 Qc5 $5 (16... Nc5 $143 17. b4 {/\Be3}) 17. Na3 (17. Ne3 Bg5
$132) 17... Qe5 (17... Nf6 18. Bd2 $14) 18. Rb1 {-15...Qc5 leads to the game
position.} (18. Nc4 Qb5 $44)) 16. Na3 (16. Ne3 O-O 17. f3 Bg5 18. Ng4 Nd2 {
/\f5|^}) 16... Qe5 17. Rb1 $1 (17. Nc4 Qb5 $44 {leads nowhere}) 17... O-O 18.
f3 Bxa3 19. bxa3 Qe6 $2 (19... Nc3 $142 20. Rb2 (20. Bb2 Qxe2+ 21. Qxe2 Nxe2
22. Rbd1 c5 {/\Nd4=}) 20... Rd1 21. Qf2 Rxf1 22. Qxf1 c5 23. e4 $14) 20. Rb3
Nd6 21. Qf2 Nf5 22. Rc3 $1 a5 23. a4 {White is willing to return the P
temporarily to transpose into an _|_. As the Pc6 is blockaded and Black is
running out of ideas, Wedberg acquiesces.} Qxa2 $6 (23... Ne7 $5 24. Ba3 Nd5
25. Rb3 Rfe8 26. e4 $16) 24. e4 $16 {/+-} Qxf2+ 25. Rxf2 Ne7 (25... Nd4 26. Be3
Rd6 27. Rd2 $16) 26. Rc5 {[%csl Ra5,Rc6] ><a5,c6} (26. Ba3 $5 $18) 26... Rd1
27. Rd2 Re1 (27... Rxd2+ 28. Bxd2 $18 {_|_}) 28. Ba3 Rb8 29. Rxa5 Ng6 30. h4 f6
31. Bb2 Rb1 32. Bc3 Rc1 33. Rc5 Rb3 (33... Ra8 34. Rxc6 Rxa4 35. Rd8+ Kf7 36.
Rd7+ Ke8 37. Rb7 Ra8 38. h5 $18) 34. Bd4 Rxc5 35. Bxc5 $18 {[%csl Ga4] o^a} Ne5
36. a5 Rb5 (36... Nd3 37. a6 $1 Nxc5 38. a7 $18) 37. a6 $1 Rxc5 38. a7 Ra5 39.
Rd8+ Kf7 40. a8=Q Rxa8 41. Rxa8 Nd7 42. Rc8 c5 43. Kf2 Ke7 44. Ke3 Ke6 45. h5
Ke7 46. f4 Kf7 47. Rc6 Ke7 48. Kd3 {[%cal Rd3d5,Re4e5] /\Kc4-d5,e5+-} 1-0

[Event "Hastings 0001 76th"]
[Site "Hastings"]
[Date "2001.01.06"]
[Round "9"]
[White "Bischoff, Klaus"]
[Black "Ftacnik, Lubomir"]
[Result "0-1"]
[WhiteElo "2556"]
[BlackElo "2608"]
[Annotator "Stohl,I"]
[PlyCount "112"]
[EventDate "2000.12.29"]
[EventType "tourn"]
[EventRounds "9"]
[EventCountry "ENG"]
[EventCategory "12"]
[SourceTitle "CBM 081"]
[Source "ChessBase"]
[SourceDate "2001.03.20"]
[SourceVersion "1"]
[SourceVersionDate "2001.03.20"]
[SourceQuality "1"]

1. Nf3 Nf6 2. c4 c5 3. d4 cxd4 4. Nxd4 Nc6 5. g3 (5. Nc3 e6 {-A33}) 5... Qb6 (
5... Qa5+ 6. Nc3 Ne4 7. Ndb5 a6 8. Nc7+ Qxc7 9. Nxe4 Ne5 10. Bg2 Qxc4 11. O-O
$44) 6. Nc2 e6 7. Bg2 d5 8. cxd5 (8. O-O dxc4 $1 (8... Be7 9. cxd5 exd5 10. Nc3
O-O $5 (10... Be6 11. Ne3 d4 12. Ned5 Nxd5 13. Nxd5 Bxd5 14. Bxd5 $14 {^^}) 11.
Nxd5 Nxd5 12. Qxd5 (12. Bxd5 $142 $5 Bh3 13. Re1) 12... Be6 13. Qe4 Bf6 14. a4
Rac8 15. Be3 Qxb2 16. Rab1 Qa2 17. Rxb7 a5 18. Rb6 Ne7 19. Nd4 {Gelfand,
B-Ivanchuk,V/Polanica Zdroj/2000/} Bd5 $44) 9. Ne3 Qa6 10. Nd2 Ne5 11. Qc2 Bd7
12. Qc3 Ng6 13. Qxc4 b5 14. Qd4 Bc6 15. Ng4 Nxg4 16. Qxg4 Be7 17. e4 O-O 18.
Nb3 Rad8 19. Be3 Ne5 20. Qh5 Nc4 $36 {Rahman,Z-Shariyazdanov,A/Guntur AP/2000/}
) 8... exd5 $1 {Black seeks active piece play and is willing to take on an
isolated P in excahnge.} (8... Nxd5 $143 9. O-O $14 {[%csl Rc8] ץc8}) 9. O-O
Be6 10. Nc3 {Now the advance of the d-pawn will threaten to come with tempo.} (
{But it's already difficult to get any advanatge out of the opening.} 10. b3
Ne4 (10... Bc5 11. Nc3 $1 {/\} Ne4 12. Na4 Nxf2 13. Rxf2 Bxf2+ 14. Kf1 Qa5 15.
Kxf2 $16) 11. Be3 (11. Bb2 Bc5 12. e3 O-O $11) 11... Bc5 (11... Qa5 12. Nd4 $14
) 12. Bxc5 Qxc5 $11) (10. Be3 $6 Qxb2 11. Nba3 Bxa3 12. Rb1 Qxa2 13. Ra1 Qb2
14. Bc1 Qxc1 15. Rxc1 Bxc1 16. Qxc1 O-O $15 {/-/+,Berezovsky,I-Dovzik,J/
Simferopol/1991/}) 10... Rd8 (10... d4 $6 11. Bxc6+ bxc6 12. Qxd4 (12. Na4 $143
Qa5 13. Qxd4 $2 Rd8 14. Qh4 Ng4 $1 {[%cal Ra5a4,Rf8e7] /\Qa4, Be7,Schleifer,
M-Saint Amand,P/Montreal/1999/}) 12... Bc5 13. Qf4 $16) (10... Be7 11. Ne3 $14
{-see above}) 11. Bg5 ({Black has no problems after the passive} 11. e3 Be7 12.
b3 O-O 13. Bb2 Bg4 14. Bf3 Bh3 15. Bg2 {1/2,Horvath,C-Hoang Thanh Trang/
Budapest/1999/} (15. Re1 Ne5 $132)) 11... Be7 {[%cal Rd5d4,Rb6b2] /\d4, Qb2} (
11... Qxb2 $6 12. Bxf6 gxf6 13. Nxd5 $36 {/\} Bxd5 14. Bxd5 Rxd5 15. Qxd5 Qxc2
16. Rac1 Qa4 17. Rfd1 Be7 18. Rc4 $18) 12. Bxf6 {White goes for a forcing
operation, but it's the best he has.} (12. Na4 Qb5 13. b3 d4 $36) (12. Ne3 $2
d4 13. Na4 (13. Bxf6 dxe3 $19) 13... Qb5 14. Bxc6+ bxc6 15. Bxf6 dxe3 16. Bd4
exf2+ 17. Rxf2 c5 $19) 12... Bxf6 13. Nxd5 (13. Ne3 $2 Qxb2 14. Ncxd5 Bxd5 15.
Nxd5 Qxa1 $19) 13... Bxd5 14. Bxd5 Ne7 (14... Bxb2 $2 15. Rb1 Ne7 16. e4 (16.
Ne3 $5 O-O 17. Bxf7+ Rxf7 18. Qc2 $16) 16... Qf6 17. Ne3 $16) (14... Qxb2 15.
Rb1 Qe5 $11) 15. e4 Nxd5 16. exd5 O-O $1 {Black wins back the pawn either on
b2 or d5 and with his active B can hope for some edge.} 17. a4 (17. Ne3 Qxb2 (
17... Bd4 $44 18. Qb3 Bxe3 19. fxe3 Qxb3 20. axb3 Rxd5 21. Rxa7 Rb5 $11) 18.
Qa4 $5 $132 (18. Rb1 Qxa2 19. Rxb7 a5 {[%csl Ga5,Gf6] o^a,Bf6 and the a-pawn
can be more dangerous than White's d-pawn.})) 17... Qxb2 18. Rb1 Qe5 19. Ne3 $6
{Now Black gets the advantage.} (19. Rxb7 $142 Rxd5 20. Qf3 Ra5 (20... Rd2 21.
Ne3 (21. Nb4 $5 $11) 21... Qd4 22. Nf5 Qxa4 23. Nh6+ gxh6 (23... Kh8 24. Nxf7+
Kg8 25. Qf5 {[%cal Yf7h6] /\Nh6} Rxf7 $2 26. Qe6 Rdd7 27. Qe8+ $16) 24. Qxf6
$11) 21. Re1 Qc5 (21... Qc3 22. Qxc3 Bxc3 23. Re4 $11 {/\Rc4,Nd4+/=}) 22. Qb3
$11) 19... b6 $15 20. Ng4 $5 {[%csl Gf6] White immediately sacrifices a pawn
to exchange Black's strong B.} Qxd5 21. Nxf6+ gxf6 22. Qg4+ Qg5 23. Qf3 Rfe8 (
23... Rd4 24. Rb5 Qg6 25. a5 $44) 24. Rb4 (24. Rb5 Re5 $1 25. Rxe5 Qxe5 (25...
fxe5 26. Qb7 $11) 26. Qb7 Qb8 27. Qf3 (27. Qe7 Kg7 $15) 27... Qd6 $15) 24...
Kf8 25. Rf4 Qd5 $1 (25... Re6 26. Rc1 $132) 26. Qg4 $6 {Now White's activity
gradually dissipates.} (26. Qxd5 Rxd5 27. Rxf6 Re4 (27... Rd4 28. a5 $11) 28.
Rc1 $1 Ke7 (28... Kg7 29. Rf3 Rxa4 30. Rc7 $11) 29. Rh6 Rxa4 30. Rxh7 $15 {<=>}
) 26... Re6 27. Qh3 Kg7 28. Rf5 (28. Rg4+ $142 Kh8 29. Qh6 Rg8 30. Rxg8+ Kxg8
31. Rc1 Qd7 $1 $15 {/-/+} (31... Rc6 32. Re1)) 28... Qd3 29. Rf4 Rd5 $1 $17 {
Protects the vulnerable K and also prevents White from exchanging the a-pawn.}
30. Qh4 Qg6 31. Rc4 Rde5 {[%cal Re5e4] /\Re4} 32. Rg4 Rg5 33. Rc4 Rh5 34. Qd4
Rhe5 35. Qc3 Re4 36. Ra1 Rxc4 37. Qxc4 Qe4 38. Qa6 (38. Qxe4 Rxe4 39. a5 (39.
Kf1 a5 40. f3 Rb4 $19) 39... b5 40. a6 b4 41. Rb1 f5 42. f3 Rc4 $19) 38... Qd4
39. Rc1 Qd2 40. Rf1 (40. Rc4 $2 Re1+ 41. Kg2 Qe2 $19 {->}) 40... Re7 41. Qc4
Qe2 42. Qb3 Rd7 43. Qb4 Rd2 (43... Rd1 {was already possible, but White can't
prevent this anyway and Black strengthens his position first.}) 44. Qf4 h5 45.
h3 Rd1 $19 {_|_Q} 46. Rxd1 Qxd1+ 47. Kh2 Qd5 48. Qb4 {White can't get at
Black's K.} (48. g4 $2 Qe5 $19) (48. Qc7 Qf3 49. Qc2 a6 $19) 48... Qc5 49. Qb2
a6 50. h4 b5 51. axb5 axb5 52. Kg2 b4 53. Qb3 Qc3 54. Qd5 b3 55. Qxh5 Qc4 $1
56. Qf5 b2 (56... b2 57. h5 (57. Kh2 Qb4 58. Qb1 Qd2 59. Qf5 Qd1 $19) 57... Qc1
58. Qg4+ Kh6 59. Qf5 b1=Q 60. Qxf6+ Kxh5 61. Qxf7+ Qg6 $19) 0-1